Catálogo
 En Linea

Cazador de agua y otros textos mutantes : (Registro nro. 7150)

Detalles MARC
000 -CABECERA
campo de control de longitud fija 00842nam a2200241 a 4500
001 - NÚMERO DE CONTROL
campo de control 000007369
005 - FECHA Y HORA DE LA ÚLTIMA TRANSACCIÓN
campo de control 20250512093701.0
008 - DATOS DE LONGITUD FIJA--INFORMACIÓN GENERAL
campo de control de longitud fija 090908s2003 dr 001 p spa d
020 ## - NÚMERO INTERNACIONAL ESTÁNDAR DEL LIBRO
Número Internacional Estándar del Libro 9993449113
040 ## - FUENTE DE LA CATALOGACIÓN
Centro catalogador/agencia de origen DO-SdBNP
Lengua de catalogación spa
Centro/agencia transcriptor BNPHU
082 ## - NÚMERO DE LA CLASIFICACIÓN DECIMAL DEWEY
Número de clasificación RD861.5
Número de documento/Ítem A445c
100 1# - ENTRADA PRINCIPAL--NOMBRE DE PERSONA
Nombre de persona Almánzar Botello, Armando,
Fechas asociadas al nombre 1956-
9 (RLIN) 826
245 10 - MENCIÓN DE TÍTULO
Título Cazador de agua y otros textos mutantes :
Resto del título antología poética 1977-2002 /
Mención de responsabilidad, etc. Armando Almánzar Botello.
260 ## - PUBLICACIÓN, DISTRIBUCIÓN, ETC.
Lugar de publicación, distribución, etc. Santo Domingo :
Nombre del editor, distribuidor, etc. Nacional,
Fecha de publicación, distribución, etc. 2003.
300 ## - DESCRIPCIÓN FÍSICA
Extensión 142 p. ;
Dimensiones 21 cm.
490 1# - MENCIÓN DE SERIE
Mención de serie Literaria El Barco Ebrio
Designación de volumen o secuencia 1
500 ## - NOTA GENERAL
Nota general Incluye datos biográficos del autor en las solapas
590 ## - NOTA LOCAL (RLIN)
Nota local Inventariado, 2018/VM
650 #0 - PUNTO DE ACCESO ADICIONAL DE MATERIA--TÉRMINO DE MATERIA
Término de materia o nombre geográfico como elemento de entrada Poesía dominicana
9 (RLIN) 66
650 #0 - PUNTO DE ACCESO ADICIONAL DE MATERIA--TÉRMINO DE MATERIA
Término de materia o nombre geográfico como elemento de entrada Literatura dominicana.
9 (RLIN) 67
830 #0 - PUNTO DE ACCESO ADICIONAL DE SERIE-TÍTULO UNIFORME
Título uniforme Literaria El Barco Ebrio
Número de parte o sección de la obra 1
9 (RLIN) 20499
910 ## - DATOS DE OPCIÓN DEL USUARIO (OCLC)
Datos de opción del usuario Validado. Control de calidad MFF
Existencias
Estado de retiro Estado de pérdida Restricciones de uso No para préstamo Código de colección Localización permanente Ubicación/localización actual Ubicación en estantería Fecha de adquisición Número de inventario Total de préstamos Signatura topográfica completa Código de barras Fecha visto por última vez Número de copia Precio válido a partir de Tipo de ítem Koha
        Dominicana de Servicio General General Depósito 08.09.2009 LF1   RD861.5 A445c 7369-30 25.06.2020 e. 3 25.06.2020 Libro y Folleto Colección Dominicana de Servicio
        Dominicana de Servicio General General Depósito 08.09.2009 LF1   RD861.5 A445c 7369-40 25.06.2020 e. 4 25.06.2020 Libro y Folleto Colección Dominicana de Servicio
        Dominicana de Servicio General General Depósito 08.09.2009 LF1   RD861.5 A445c 7369-50 25.06.2020 e. 5 25.06.2020 Libro y Folleto Colección Dominicana de Servicio
      Excluido de préstamo Patrimonio Dominicano Patrimonio Dominicano Patrimonio Dominicano Depósito 08.09.2009 LF1   RD861.5 A445c 7369-10 25.06.2020   25.06.2020 Libro y Folleto Colección Patrimonio Dominicano
      Excluido de préstamo Patrimonio Dominicano Patrimonio Dominicano Patrimonio Dominicano Depósito 08.09.2009 LF1   RD861.5 A445c 7369-20 25.06.2020 e. 2 25.06.2020 Libro y Folleto Colección Patrimonio Dominicano

Con tecnología Koha